MOBY DICK (Record no. 3542)
[ view plain ]
| 000 -LEADER | |
|---|---|
| fixed length control field | 00596nam a22001457a 4500 |
| 020 ## - INTERNATIONAL STANDARD BOOK NUMBER | |
| ISBN | 978-0-143-42706-3 |
| 082 ## - DEWEY DECIMAL CLASSIFICATION NUMBER | |
| Classification number | 823 |
| Item number | MEL/M |
| 100 ## - MAIN ENTRY--AUTHOR NAME | |
| Personal name | MELVILLE, HERMAN |
| 245 ## - TITLE STATEMENT | |
| Title | MOBY DICK |
| 260 ## - PUBLICATION, DISTRIBUTION, ETC. (IMPRINT) | |
| Place of publication | UNITED STATES |
| Name of publisher | PENGUIN BOOKS |
| Year of publication | 2016 |
| 300 ## - PHYSICAL DESCRIPTION | |
| Number of Pages | 597 |
| 520 ## - SUMMARY, ETC. | |
| Summary, etc | the story of Captain Ahab's self-destructive obsession with the white whale called Moby Dick. It is told through the narration of Ishmael, a sailor new to Ahab's ship, the Pequod. The plot of the novel follows Ahab's manic drive to kill the whale, even as it endangers his crew. |
| 650 ## - SUBJECT ADDED ENTRY--TOPICAL TERM | |
| Topical Term | NOVEL |
| Geographic subdivision | UNITED STATES |
| 942 ## - ADDED ENTRY ELEMENTS (KOHA) | |
| Koha item type | Books |
| Withdrawn status | Lost status | Collection code | Home library | Current library | Shelving location | Date acquired | Source of acquisition | Cost, normal purchase price | Full call number | Accession Number | Koha item type |
|---|---|---|---|---|---|---|---|---|---|---|---|
| Fiction | Main Library | Main Library | SHELF 14 H ALPHEBETICAL - M-FICTION | 18/01/2019 | purchase | 199.00 | 823 MEL/M | 10502 | Books |